000 00586nam a2200229Ia 4500
003 OSt
005 20220923230518.0
006 a|||||r|||| 00| 0
007 ta
008 Pun
024 _a282,704
037 _cTextual
040 _aARTS
_cARTS
_bPun
041 _2Pun
_aPun
082 _aO153,8N43x, L9
100 _aਗਰਗ, ਕੇ ਐਲ
245 0 _aਦੇਖ ਕਬੀਰਾ ਹੱਸਿਆ
260 _c1979
650 _aਪੰਜਾਬੀ ਸਾਹਿਤ
942 _hO153,8N43x, L9
_cTEXL
_2CC
999 _c385398
_d385398